Procesos contenciosos administrativos Parte general (Registro nro. 20951)
[ vista simple ]
| 000 -ENCABEZADO | |
|---|---|
| Número de control [NR] | 01440nam a2200361Ia 4500 |
| 008 - DE LONGITUD FIJA DE DATOS DE ELEMENTOS - INFORMACIÓN GENERAL | |
| Elementos de longitud fija [NR] | 130821s1994 ck gr spa |
| 040 ## - FUENTE DE CATALOGACION [NR] | |
| Agencia de catalogación original [NR] | Co-BoUCM |
| Idioma de catalogación [NR] | spa |
| 041 00 - CODIGO DE IDIOMA [R] | |
| Código de idioma para texto/pista de sonido o título separado [R] | Español |
| 100 ## - ASIENTO PRINCIPAL--NOMBRE PERSONAL [NR] | |
| Nombre personal [NR] | Rodríguez R., Gustavo Humberto |
| ID Autoridad | 105050 |
| 245 00 - MENCION DE TITULO [NR] | |
| Título [NR] | Procesos contenciosos administrativos Parte general |
| Mención de responsabilidad, etc. [NR] | Gustavo Humberto Rodríguez R.. |
| 250 ## - MENCION DE EDICION [NR] | |
| Mención de edición [NR] | 3a. ed. |
| 260 ## - PUBLICACION, DISTRIBUCION, ETC. (PIE DE IMPRENTA) [R] | |
| Lugar de publicación, distribución, etc. [R] | Bogotá (Cundinamarca, Colombia) |
| Nombre del editor, distribuidor, etc. [R] | Librería Jurídicas Wilches |
| Fecha de publicación, distribución, etc. [R] | 1994 |
| 300 ## - DESCRIPCION FISICA [R] | |
| Extensión [R] | 659 páginas |
| 500 ## - NOTA GENERAL [R] | |
| Nota general [NR] | Actualizado con el decreto 2304 de 1989, la nueva contratción administrativa y la constitución de 1991. |
| 630 ## - ASIENTO SECUNDARIO DE MATERIA - TITULO UNIFORME [R] | |
| Título uniforme [NR] | Decreto 0171 de 1983 |
| 9 (RLIN) | 5214 |
| 630 ## - ASIENTO SECUNDARIO DE MATERIA - TITULO UNIFORME [R] | |
| Título uniforme [NR] | Decreto 0173 de 1993 |
| 9 (RLIN) | 5216 |
| 630 ## - ASIENTO SECUNDARIO DE MATERIA - TITULO UNIFORME [R] | |
| Título uniforme [NR] | Decreto 2251 de 1993 |
| 9 (RLIN) | 5698 |
| 630 ## - ASIENTO SECUNDARIO DE MATERIA - TITULO UNIFORME [R] | |
| Título uniforme [NR] | Decreto 2304 de 1989 |
| 9 (RLIN) | 5721 |
| 630 ## - ASIENTO SECUNDARIO DE MATERIA - TITULO UNIFORME [R] | |
| Título uniforme [NR] | Decreto 467 de 1986 |
| 9 (RLIN) | 6047 |
| 630 ## - ASIENTO SECUNDARIO DE MATERIA - TITULO UNIFORME [R] | |
| Título uniforme [NR] | Decreto 597 de 1988 |
| 9 (RLIN) | 6134 |
| 630 ## - ASIENTO SECUNDARIO DE MATERIA - TITULO UNIFORME [R] | |
| Título uniforme [NR] | Ley 11 de 1986 |
| 9 (RLIN) | 6448 |
| 630 ## - ASIENTO SECUNDARIO DE MATERIA - TITULO UNIFORME [R] | |
| Título uniforme [NR] | Ley 22 de 1985 |
| 9 (RLIN) | 6614 |
| 630 ## - ASIENTO SECUNDARIO DE MATERIA - TITULO UNIFORME [R] | |
| Título uniforme [NR] | Ley 80 de 1993 |
| 9 (RLIN) | 5073 |
| 650 04 - ASIENTO SECUNDARIO DE MATERIA - TERMINO TEMATICO [R] | |
| Término temático o nombre geográfico como elemento de entrada [NR] | Actos administrativos |
| Subdivisión geográfica [R] | Colombia |
| 9 (RLIN) | 103013 |
| 650 04 - ASIENTO SECUNDARIO DE MATERIA - TERMINO TEMATICO [R] | |
| Término temático o nombre geográfico como elemento de entrada [NR] | Contratos administrativos |
| Subdivisión geográfica [R] | Colombia |
| 9 (RLIN) | 39367 |
| 650 04 - ASIENTO SECUNDARIO DE MATERIA - TERMINO TEMATICO [R] | |
| Término temático o nombre geográfico como elemento de entrada [NR] | Derecho administrativo |
| 9 (RLIN) | 12695 |
| 650 04 - ASIENTO SECUNDARIO DE MATERIA - TERMINO TEMATICO [R] | |
| Término temático o nombre geográfico como elemento de entrada [NR] | Derecho administrativo |
| Subdivisión geográfica [R] | Colombia |
| 9 (RLIN) | 31733 |
| 650 04 - ASIENTO SECUNDARIO DE MATERIA - TERMINO TEMATICO [R] | |
| Término temático o nombre geográfico como elemento de entrada [NR] | Nulidad (Derecho) |
| Subdivisión geográfica [R] | Colombia |
| 9 (RLIN) | 118668 |
| 650 04 - ASIENTO SECUNDARIO DE MATERIA - TERMINO TEMATICO [R] | |
| Término temático o nombre geográfico como elemento de entrada [NR] | Procedimiento administrativo |
| Subdivisión geográfica [R] | Colombia |
| 9 (RLIN) | 35079 |
| 650 04 - ASIENTO SECUNDARIO DE MATERIA - TERMINO TEMATICO [R] | |
| Término temático o nombre geográfico como elemento de entrada [NR] | Recurso contencioso administrativo |
| Subdivisión geográfica [R] | Colombia |
| 9 (RLIN) | 75097 |
| 942 ## - ELEMENTOS DE ENTRADA AGREGADOS (KOHA) | |
| Tipo de ítem principal el descrito en 300a | Libro |
| Tema principal | Derecho |
| Edición | 3 |
| Parte restante de la signatura top. | R63 |
| Sistema de clasificación | DEWEY |
| Clasificación | 342.066 |
| Fecha de último préstamo | Total préstamos | Signatura topográfica | Código de barras | Última vez visto | Volúmen / Fascículo | Ejemplar | Price effective from | Tipo de ítem | Perdido | Sistema de clasificación | Dañado | No prestable | Tipo de ítem específico | Suprimido | Ubicación habitual | Ubicación actual | Localización | Fecha de creación | Forma de adquisición | Costo | Costo de reposición | Proveedor |
|---|---|---|---|---|---|---|---|---|---|---|---|---|---|---|---|---|---|---|---|---|---|---|
| 27/08/2013 | 8 | 342.066 R63 | 100041745 | 19/12/2018 | 3a. Ed. | Ej.1 | 03/02/2013 | Libro | DEWEY | Libro | Bodega | Bodega | Préstamo 4 días después de solicitado | 28/02/2003 | Compra | 22500.00 | ||||||
| 07/02/2023 | 1 | 342.066 R63 | 100160862 | 06/12/2024 | Ej.1 | 30/05/2019 | Libro | DEWEY | Libro | BodegaJK | Claustro | Préstamo 2 días después de solicitado | 30/05/2019 | Donación | 0.00 | 26000.00 | 12 |